Enciclopedia de Psiquiatría

Salvato in:
Dettagli Bibliografici
Autori principali: Vidal, Guillermo (Autore), Bleichmar, Hugo (Autore), Usandivaras, Raúl J (Autore)
Natura: Libro
Lingua:spagnolo
Pubblicazione: Buenos Aires El Ateneo 1979
Edizione:2a. ed
Soggetti:
Tags: Aggiungi Tag
Nessun Tag, puoi essere il primo ad aggiungerne!!

MARC

LEADER 00000cam a2200000 a 4500
001 UCC0737
003 CL-VaPUC
008 170831e19790000ag |||||||||||||||||spa|d
082 0 4 |a 616.89  |b VID  |2 21 
100 0 |a Vidal, Guillermo  |e author  |9 594741 
700 0 |a Bleichmar, Hugo  |e author  |9 594742 
700 0 |a Usandivaras, Raúl J  |e author  |9 594743 
245 1 0 |a Enciclopedia de Psiquiatría 
250 |a 2a. ed 
300 |a 732 p 
942 |c BK 
945 |d 20170831 13:14:00  |a dcastane 
260 |a Buenos Aires  |b El Ateneo  |c 1979 
650 0 |a Psiquiatría  |9 308427 
650 0 |a Psicopatología   |9 307473 
650 0 |a Diccionarios  |9 256200 
583 |a last modification  |c 20170831 13:14:00  |k Rodrigo Vera 
999 |c 369479  |d 369477 
952 |0 0  |1 0  |3 erb  |4 0  |6 616_890000000000000_VID_1979  |7 0  |8 A  |9 485299  |a BIBGIM  |b BIBGIM  |i 5420016  |o 616.89 VID 1979  |p 5420016  |r 2025-01-15  |w 2019-11-24  |y BK  |z Catalogado en:20170831  |k SSL